The meaning of the glorious Koran
সংরক্ষণ করুন:
| বিন্যাস: | গ্রন্থ |
|---|---|
| ভাষা: | Undetermined |
| প্রকাশিত: |
London
Everyman's Library
1992
|
| বিষয়গুলি: | |
| ট্যাগগুলো: |
ট্যাগ যুক্ত করুন
কোনো ট্যাগ নেই, প্রথমজন হিসাবে ট্যাগ করুন!
|
| Thư viện lưu trữ: | Trung tâm Học liệu Trường Đại học Cần Thơ |
|---|
| LEADER | 00568nam a2200169Ia 4500 | ||
|---|---|---|---|
| 001 | CTU_36053 | ||
| 008 | 210402s9999 xx 000 0 und d | ||
| 082 | |a 892.7 | ||
| 082 | |b M483 | ||
| 245 | 4 | |a The meaning of the glorious Koran | |
| 245 | 0 | |c Marmaduke Pickthall ( an explanatory translation by ) ; William Montgomery Watt ( an introdution by ) | |
| 260 | |a London | ||
| 260 | |b Everyman's Library | ||
| 260 | |c 1992 | ||
| 650 | |a Islamic literature,Koran | ||
| 904 | |i Minh, Qhieu đã sửa trong CSDL | ||
| 980 | |a Trung tâm Học liệu Trường Đại học Cần Thơ | ||